000 01639nam a2200241Ia 4500
001 216
005 20251203123019.0
008 251203t2002||||xx |||||||||||||| ||spa||
020 _a9972402207
041 _aESP
082 _a869
_bP38
110 _aPeisa
245 0 _aGran biblioteca literatura latinoamericana El comercio :
_bN° 1- 14/17-21/23-26
260 _aLima :
_bPeisa,
_c2002
300 _a374 páginas :
_b
_c 20 cm.
_e
440 _a
_n
_v
500 _aNo hay los números 15,16 y 22
505 _aContiene: Núm. 1: Cien años de soledad. - Núm. 2: Obra poética. – Núm. 3: La palabra del mudo: antología. – Núm. 4: La tía Julia y el escribidor. – Núm. 5: Ficciones; El libro de arena. – Núm. 6: Rayuela. – Núm. 7: El hombre que hablaba de Octavia de Cádiz: cuaderno de navegación, en un sillón Voltaire. – Núm. 8: Pedro Páramo; El llano en llamas. – Núm. 9: La casa de los espíritus. – Núm. 10: El amor en los tiempos del cólera. – Núm. 11: Doña Flor y sus dos maridos: historia moral y de amor. Novela. – Núm. 12: Redoble. – Núm. 13: Pantaleón y las visitadoras. – Núm. 14: La muerte de Artemio Cruz. – Núm. 17: El obsceno pájaro de la noche. – Núm. 18: 17 narradoras latinoamericanas. – Núm. 19: Eva Luna. – Núm. 20: Cuentos escogidos. – Núm. 21: El señor presidente. – Núm. 23: La Habana para un infante difunto. – Núm. 24: El mundo es ancho y ajeno. – Núm. 25: Bestiario; Todos los fuegos el fuego. – Núm. 26: Tantas veces Pedro
650 _aLYR
653 _aLiteratura latinoamericana
654 _aCTP
942 _cLIB
_dJUS
_fMAT
_2ddc
_n
999 _c216
_d216